000 00387pam a2200157a 44500
008 230515b1988 xxu||||| |||| 00| 0 eng d
020 _aNULL
041 _aENGL
082 _a910.02 APT
100 _a"APTE N.G.,"
245 _aMAHARASHTRA RAJY MANCHITR SANGRAH
250 _a0
260 _aPUNE
_bTILAK MAHARASHTRA VIDYAPEETH
_c1988
300 _aNULL
650 _a"GEOGRAPHY,MAPS"
999 _c538920
_d538920